[Event "Sao Bernardo LXSBC op 3rd"]
[Site "Sao Bernardo do Campo"]
[Date "2014.09.21"]
[Round "6"]
[White "Ferreira de Souza, Ricardo"]
[Black "Diniz, Paulo Nobile"]
[Result "1/2-1/2"]
[WhiteElo "1377"]
[BlackElo "1778"]
[PlyCount "72"]
[EventDate "2014.09.19"]
[EventType "swiss"]
[EventRounds "6"]
[EventCountry "BRA"]
[SourceTitle "EXT 2018"]
[Source "ChessBase"]
[SourceDate "2017.10.13"]
[SourceVersion "1"]
[SourceVersionDate "2017.10.13"]
[SourceQuality "1"]

1. d4 Nf6 2. Nc3 d5 3. Nf3 e6 4. Bf4 Bd6 5. Ne5 c6 6. e3 0-0 7. Bd3 Qc7 8. Qf3 Nbd7 9. Qg3 Kh8 10. h4 Nh5 11. Qg5 Nxf4 12. Qxf4 Nxe5 13. dxe5 Bxe5 14. Qg5 Bf6 15. Qh5 g6 16. Qf3 Bxc3+ 17. bxc3 e5 18. Qf6+ Kg8 19. h5 Qd8 20. Qxe5 f6 21. Qd4 g5 22. h6 Qe7 23. c4 Be6 24. 0-0 dxc4 25. Bxc4 Bxc4 26. Qxc4+ Qf7 27. Qg4 Qg6 28. Rab1 Rf7 29. Qh3 f5 30. Rfd1 b6 31. Rd4 c5 32. Rd5 Raf8 33. Rbd1 g4 34. Qh4 Qf6 35. Qh5 Qg6 36. Qh4 Qf6 1/2-1/2

[Event "Sao Bernardo do Campo LXSBC fin-C 4th"]
[Site "Sao Bernardo do Campo"]
[Date "2013.01.26"]
[Round "7"]
[White "Diniz, Paulo Nobile"]
[Black "Nakata, Thifanni Harumi"]
[Result "1-0"]
[WhiteElo "1804"]
[BlackElo "1442"]
[PlyCount "85"]
[EventDate "2013.01.19"]
[EventType "tourn"]
[EventRounds "9"]
[EventCountry "BRA"]
[SourceTitle "EXT 2015"]
[Source "ChessBase"]
[SourceDate "2014.11.20"]
[SourceVersion "1"]
[SourceVersionDate "2014.11.20"]
[SourceQuality "1"]

1. d4 Nf6 2. c4 c5 3. d5 b5 4. cxb5 a6 5. bxa6 Bxa6 6. Nc3 d6 7. g3 g6 8. e4 Bxf1 9. Kxf1 Bg7 10. Kg2 0-0 11. Nf3 Nbd7 12. h3 Nb6 13. Re1 Nfd7 14. Qc2 Qc7 15. Bd2 Rfb8 16. Rab1 Nc4 17. Red1 Rb7 18. Bc1 Nde5 19. Nxe5 Nxe5 20. a3 Rab8 21. Ne2 Nd7 22. Nc3 Rb3 23. Bd2 R8b7 24. Na4 Qb8 25. Bb4 Rxg3+ 26. fxg3 cxb4 27. axb4 Rxb4 28. Rdc1 Bf6 29. Qc8+ Qxc8 30. Rxc8+ Kg7 31. Nc3 Bxc3 32. Rxc3 Rxe4 33. b4 Nb6 34. Rd3 Re5 35. b5 Nxd5 36. Rxd5 Rxd5 37. b6 e5 38. b7 e4 39. b8Q Rd2+ 40. Kf1 e3 41. Re1 Rf2+ 42. Kg1 Rf3 43. Qxd6 1-0

[Event "Sao Bernardo do Campo LXSBC fin-C 4th"]
[Site "Sao Bernardo do Campo"]
[Date "2013.01.26"]
[Round "6"]
[White "Tamarozi, Isabelle"]
[Black "Diniz, Paulo Nobile"]
[Result "1-0"]
[WhiteElo "1726"]
[BlackElo "1804"]
[PlyCount "125"]
[EventDate "2013.01.19"]
[EventType "tourn"]
[EventRounds "9"]
[EventCountry "BRA"]
[SourceTitle "EXT 2015"]
[Source "ChessBase"]
[SourceDate "2014.11.20"]
[SourceVersion "1"]
[SourceVersionDate "2014.11.20"]
[SourceQuality "1"]

1. e4 Nc6 2. d4 e5 3. Nf3 exd4 4. Nxd4 d6 5. Nc3 Nf6 6. Bc4 Be7 7. 0-0 0-0 8. f3 h6 9. Be3 Bd7 10. Qe1 Ne5 11. Bb3 Qc8 12. f4 Ng6 13. Qg3 Kh7 14. f5 Ne5 15. Bf4 Nh5 16. Qe3 Nxf4 17. Qxf4 c6 18. Nf3 Qc7 19. Rad1 Rad8 20. Qg3 Be8 21. Ne2 Bf6 22. c3 Nxf3+ 23. Rxf3 Qe7 24. Bc2 Be5 25. Qg4 Bd7 26. Nf4 Qg5 27. Qxg5 hxg5 28. Nd3 Bf6 29. Nf2 Bc8 30. Ng4 Be7 31. e5 f6 32. Rh3+ Kg8 33. exd6 Rxd6 34. Rxd6 Bxd6 35. Bb3+ Rf7 36. Bxf7+ Kxf7 37. Rf3 b6 38. Ne3 Ba6 39. h3 c5 40. c4 Be5 41. b3 Bd4 42. Kf1 Bb7 43. Nd5 Be5 44. Rd3 Bc6 45. Kf2 Bd4+ 46. Ke2 Be5 47. Kf1 Ke8 48. b4 cxb4 49. Nxb4 Be4 50. Ra3 Bd6 51. Re3 Bxb4 52. Rxe4+ Kf7 53. Ke2 Bc5 54. Kd3 Bg1 55. Re1 Bf2 56. Re2 Bg1 57. Ke4 Bc5 58. Kd5 Bg1 59. Kc6 Bc5 60. Kb5 a5 61. Re6 Bg1 62. Rxb6 Bxb6 63. Kxb6 1-0

[Event "Sao Bernardo do Campo op"]
[Site "Sao Bernardo do Campo"]
[Date "2012.10.16"]
[Round "6"]
[White "Diniz, Paulo Nobile"]
[Black "Assef, Nathaly Regina Reis"]
[Result "1-0"]
[WhiteElo "1808"]
[BlackElo "1466"]
[PlyCount "41"]
[EventDate "2012.09.14"]
[EventType "swiss"]
[EventRounds "6"]
[EventCountry "BRA"]
[SourceTitle "CBM 150 Extra"]
[Source "ChessBase"]
[SourceDate "2012.10.19"]
[SourceVersion "1"]
[SourceVersionDate "2012.10.19"]
[SourceQuality "1"]

1. d4 d5 2. c4 c6 3. Nf3 Nf6 4. e3 e6 5. Nc3 Bd6 6. Bd3 dxc4 7. Bxc4 Nbd7 8. 0-0 0-0 9. e4 e5 10. Re1 Qc7 11. h3 Re8 12. Be3 a6 13. Qb3 Rf8 14. Rac1 exd4 15. Nxd4 Bh2+ 16. Kh1 Bf4 17. Bxf7+ Rxf7 18. Ne6 Qe5 19. Nd8 Bxe3 20. Qxf7+ Kh8 21. Rxe3 1-0

[Event "Sao Bernardo do Campo op"]
[Site "Sao Bernardo do Campo"]
[Date "2012.09.15"]
[Round "3"]
[White "Diniz, Paulo Nobile"]
[Black "Sales da Silva, Moises"]
[Result "1-0"]
[WhiteElo "1808"]
[BlackElo "1800"]
[PlyCount "49"]
[EventDate "2012.09.14"]
[EventType "swiss"]
[EventRounds "6"]
[EventCountry "BRA"]
[SourceTitle "CBM 150 Extra"]
[Source "ChessBase"]
[SourceDate "2012.10.19"]
[SourceVersion "1"]
[SourceVersionDate "2012.10.19"]
[SourceQuality "1"]

1. d4 d5 2. c4 c6 3. Nf3 Bf5 4. Nc3 e6 5. e3 Nf6 6. Nh4 Bg6 7. Nxg6 hxg6 8. Be2 Bb4 9. 0-0 Nbd7 10. a3 Bd6 11. g3 Qe7 12. cxd5 cxd5 13. Bf3 Nh7 14. e4 Ng5 15. Bxg5 Qxg5 16. exd5 Ke7 17. Qc1 Qf5 18. Bg2 Rxh2 19. Kxh2 Rh8+ 20. Kg1 Qh5 21. Re1 Qh2+ 22. Kf1 Rh5 23. Ne4 f5 24. Nxd6 Kxd6 25. Rxe6# 1-0

[Event "Sao Bernardo do Campo LXSBC op"]
[Site "Sao Bernardo do Campo"]
[Date "2012.05.19"]
[Round "3"]
[White "Diniz, Paulo Nobile"]
[Black "Gotz, Klaus Seiji Furucho"]
[Result "0-1"]
[WhiteElo "1821"]
[BlackElo "1975"]
[PlyCount "118"]
[EventDate "2012.05.18"]
[EventType "swiss"]
[EventRounds "6"]
[EventCountry "BRA"]
[SourceTitle "EXT 2014"]
[Source "ChessBase"]
[SourceDate "2013.11.20"]
[SourceVersion "1"]
[SourceVersionDate "2013.11.20"]
[SourceQuality "1"]

1. d4 Nf6 2. c4 g6 3. Nc3 Bg7 4. e4 d6 5. Nf3 0-0 6. Be2 e5 7. 0-0 Nc6 8. d5 Ne7 9. Ne1 Nd7 10. Be3 f5 11. f3 f4 12. Bf2 g5 13. a4 Rf6 14. Nd3 Rh6 15. c5 Qe8 16. g4 fxg3 17. Bxg3 Nxc5 18. Nxc5 dxc5 19. Nb5 Qd8 20. Rc1 b6 21. Rf2 Bb7 22. Bc4 Kh8 23. Rd2 Nc8 24. Be2 Nd6 25. Nxd6 cxd6 26. Qb3 Rg6 27. Rf1 Qc7 28. Kh1 Rf8 29. Rg1 Bc8 30. Be1 Bh6 31. Rc2 Rfg8 32. Bd2 Bf8 33. Rc3 Be7 34. Qd1 Bd8 35. b3 h5 36. Be1 Qh7 37. Bg3 g4 38. fxg4 Bxg4 39. Rc2 R6g7 40. Qd3 Bxe2 41. Rxe2 Bh4 42. Reg2 Bxg3 43. Rxg3 Rg4 44. Rxg4 Rxg4 45. Rxg4 hxg4 46. Kg1 Qh4 47. Qe3 Kg7 48. Kg2 Kg6 49. Qg3 Qg5 50. Qd3 Qf4 51. Kg1 Kh5 52. Kg2 Kg5 53. h3 Qf3+ 54. Qxf3 gxf3+ 55. Kxf3 Kh4 56. Kg2 a6 57. Kh2 b5 58. axb5 axb5 59. Kg2 c4 0-1

[Event "Sao Bernardo do Campo LXSBC op"]
[Site "Sao Bernardo do Campo"]
[Date "2012.05.19"]
[Round "4"]
[White "Hara, Aroldo Hiroiuqui"]
[Black "Diniz, Paulo Nobile"]
[Result "1-0"]
[WhiteElo "1990"]
[BlackElo "1821"]
[PlyCount "79"]
[EventDate "2012.05.18"]
[EventType "swiss"]
[EventRounds "6"]
[EventCountry "BRA"]
[SourceTitle "EXT 2014"]
[Source "ChessBase"]
[SourceDate "2013.11.20"]
[SourceVersion "1"]
[SourceVersionDate "2013.11.20"]
[SourceQuality "1"]

1. d4 d5 2. Nf3 Nf6 3. Bf4 e6 4. e3 Bd6 5. Bg5 Nbd7 6. Nbd2 h6 7. Bh4 c6 8. Bd3 0-0 9. c4 b6 10. 0-0 Bb7 11. Rc1 Be7 12. Bb1 c5 13. Ne5 cxd4 14. exd4 Rc8 15. Rc3 dxc4 16. Qc2 g5 17. Rg3 Bd6 18. Rxg5+ hxg5 19. Bxg5 Bxe5 20. dxe5 Nxe5 21. Bxf6 Qd3 22. Bxe5 Qxc2 23. Bxc2 f5 24. f4 Kf7 25. Re1 Rg8 26. g3 Rgd8 27. Bc3 Rd7 28. Kf2 a6 29. a4 Rd6 30. h4 b5 31. axb5 axb5 32. Nf3 Bxf3 33. Kxf3 Ra8 34. h5 Kg8 35. h6 Ra7 36. g4 fxg4+ 37. Kxg4 Rf7 38. Ra1 Rd8 39. Ra6 Rdf8 40. Be5 1-0

[Event "Sao Bernardo do Campo LXSBC op"]
[Site "Sao Bernardo do Campo"]
[Date "2012.05.18"]
[Round "1"]
[White "Diniz, Paulo Nobile"]
[Black "Rodrigues, Tiago Pereira"]
[Result "0-1"]
[WhiteElo "1821"]
[BlackElo "2153"]
[PlyCount "76"]
[EventDate "2012.05.18"]
[EventType "swiss"]
[EventRounds "6"]
[EventCountry "BRA"]
[SourceTitle "EXT 2014"]
[Source "ChessBase"]
[SourceDate "2013.11.20"]
[SourceVersion "1"]
[SourceVersionDate "2013.11.20"]
[SourceQuality "1"]

1. d4 Nf6 2. c4 c5 3. d5 e5 4. Nc3 d6 5. e4 Nbd7 6. Nf3 Be7 7. Be2 0-0 8. 0-0 Ne8 9. Ne1 g6 10. Be3 Ng7 11. Nd3 f5 12. f3 f4 13. Bf2 g5 14. b4 b6 15. bxc5 bxc5 16. Be1 Kh8 17. Nf2 Ne8 18. a4 Nef6 19. Bd2 h5 20. Re1 Ng8 21. Nb5 a6 22. Nc3 Nh6 23. a5 Rg8 24. Na4 Ra7 25. Rb1 Nf6 26. h3 g4 27. hxg4 hxg4 28. fxg4 Nfxg4 29. Nxg4 Bxg4 30. Rf1 Bh4 31. Bxf4 exf4 32. Rxf4 Qg5 33. Rxg4 Nxg4 34. Bxg4 Qxg4 35. Qc2 Rf7 36. Rf1 Rxf1+ 37. Kxf1 Rf8+ 38. Kg1 Bf2+ 0-1

[Event "Sao Bernardo do Campo IRT-C"]
[Site "Sao Bernardo do Campo"]
[Date "2012.01.22"]
[Round "4"]
[White "Diniz, Paulo Nobile"]
[Black "Krongold, Breno"]
[Result "1-0"]
[WhiteElo "1804"]
[BlackElo "1682"]
[PlyCount "67"]
[EventDate "2012.01.21"]
[EventType "tourn"]
[EventRounds "9"]
[EventCountry "BRA"]
[SourceTitle "EXT 2013"]
[Source "ChessBase"]
[SourceDate "2012.11.22"]
[SourceVersion "1"]
[SourceVersionDate "2012.11.22"]
[SourceQuality "1"]

1. d4 d5 2. c4 e6 3. Nc3 Nf6 4. cxd5 exd5 5. Bg5 Be7 6. e3 c6 7. Bd3 Bg4 8. f3 Bh5 9. Nge2 h6 10. Bxf6 Bxf6 11. Nf4 g6 12. g4 Bh4+ 13. Kf1 Bxg4 14. fxg4 Qf6 15. Kg2 h5 16. Rf1 Qg5 17. h3 Nd7 18. Kh1 0-0-0 19. gxh5 Bg3 20. Rg1 Qh4 21. Qg4 Qxg4 22. hxg4 Bf2 23. Rgf1 Bxe3 24. Nce2 Nf6 25. Nxg6 fxg6 26. Rxf6 gxh5 27. Bf5+ Kb8 28. Kg2 hxg4 29. Rh1 Rxh1 30. Kxh1 Rh8+ 31. Kg2 Rh4 32. Rf8+ Kc7 33. Rf7+ Kb6 34. Bc8 1-0

[Event "Sao Bernardo do Campo IRT-C"]
[Site "Sao Bernardo do Campo"]
[Date "2012.01.22"]
[Round "3"]
[White "Pereira, Erinaldo Jose"]
[Black "Diniz, Paulo Nobile"]
[Result "0-1"]
[WhiteElo "1745"]
[BlackElo "1804"]
[PlyCount "106"]
[EventDate "2012.01.21"]
[EventType "tourn"]
[EventRounds "9"]
[EventCountry "BRA"]
[SourceTitle "EXT 2013"]
[Source "ChessBase"]
[SourceDate "2012.11.22"]
[SourceVersion "1"]
[SourceVersionDate "2012.11.22"]
[SourceQuality "1"]

1. e4 c5 2. Nf3 d6 3. Bb5+ Bd7 4. Bxd7+ Nxd7 5. Nc3 Ngf6 6. d4 cxd4 7. Nxd4 a6 8. 0-0 e6 9. Re1 Be7 10. Nf3 0-0 11. h3 Rc8 12. Bf4 Qb6 13. Na4 Qc6 14. c3 b5 15. Nd4 Qc7 16. Nf3 bxa4 17. Qxa4 Qc4 18. Qc2 Nc5 19. Rad1 e5 20. b3 Qb5 21. c4 Qb7 22. Bg5 Rfd8 23. Bxf6 Bxf6 24. Rd5 Qe7 25. b4 Nb7 26. Rc1 Qc7 27. g3 Qd7 28. Kg2 Qc6 29. h4 Rd7 30. a4 Rdc7 31. Nd2 Nd8 32. Qd3 Be7 33. Qb3 Ne6 34. Nf3 Nf8 35. Nd2 Nd7 36. b5 axb5 37. Rxb5 Nc5 38. Qc2 Ra7 39. a5 Rca8 40. Ra1 h6 41. Rb6 Qc8 42. Rb5 Bd8 43. Nb3 Nxb3 44. Qxb3 Rxa5 45. Rb1 Rxb5 46. Qxb5 Bc7 47. Qc6 Ra6 48. Qd5 Qa8 49. Qd3 Ra3 50. Qe2 f5 51. f3 Ra2 52. Rb2 Rxb2 53. Qxb2 fxe4 0-1

[Event "Sao Bernardo do Campo IRT-C"]
[Site "Sao Bernardo do Campo"]
[Date "2012.01.21"]
[Round "1"]
[White "Malatinszky, Tibor"]
[Black "Diniz, Paulo Nobile"]
[Result "0-1"]
[WhiteElo "1510"]
[BlackElo "1804"]
[PlyCount "102"]
[EventDate "2012.01.21"]
[EventType "tourn"]
[EventRounds "9"]
[EventCountry "BRA"]
[SourceTitle "EXT 2013"]
[Source "ChessBase"]
[SourceDate "2012.11.22"]
[SourceVersion "1"]
[SourceVersionDate "2012.11.22"]
[SourceQuality "1"]

1. e4 c5 2. Nf3 d6 3. d4 cxd4 4. Nxd4 Nf6 5. Nc3 a6 6. Be3 e5 7. Nb3 Be6 8. Be2 Be7 9. 0-0 0-0 10. f4 exf4 11. Bxf4 Nc6 12. Nd4 Nxd4 13. Qxd4 Qc7 14. Nd5 Nxd5 15. exd5 Bf5 16. c4 Bf6 17. Qd2 Bg6 18. Bg5 Qb6+ 19. Kh1 Qxb2 20. Qxb2 Bxb2 21. Rae1 Rfe8 22. Bg4 Bc3 23. Rxe8+ Rxe8 24. h4 Bd3 25. Rc1 Re1+ 26. Rxe1 Bxe1 27. Bc8 Bxc4 28. Bxb7 Bg3 29. a4 f6 30. Bd2 Kf7 31. Bc8 Bxh4 32. Kh2 Bg5 33. Be6+ Ke7 34. Be1 h5 35. Kh3 Be2 36. g4 Bxg4+ 37. Bxg4 hxg4+ 38. Kxg4 g6 39. a5 Be3 40. Kf3 Bc5 41. Kf4 Bd4 42. Kg4 f5+ 43. Kg5 Kf7 44. Bb4 Be3+ 45. Kh4 Bf4 46. Kh3 g5 47. Kg2 g4 48. Be1 Kf6 49. Bg3 Bxg3 50. Kxg3 Ke5 51. Kf2 f4 0-1

[Event "Sao Bernardo do Campo 1 IRT LRB"]
[Site "Sao Bernardo do Campo"]
[Date "2009.07.04"]
[Round "1"]
[White "Diniz, Paulo Nobile"]
[Black "Zachi, Felipe Parelho"]
[Result "1-0"]
[WhiteElo "1847"]
[BlackElo "1629"]
[PlyCount "59"]
[EventDate "2009.07.04"]
[EventType "tourn"]
[EventRounds "11"]
[EventCountry "BRA"]
[SourceTitle "EXT 2022"]
[Source "ChessBase"]
[SourceDate "2021.10.06"]
[SourceVersion "1"]
[SourceVersionDate "2021.10.06"]
[SourceQuality "1"]

1. d4 Nf6 2. c4 g6 3. Nc3 Bg7 4. e4 d6 5. f3 Nbd7 6. Be3 0-0 7. Bd3 e5 8. d5 a5 9. Nge2 Nc5 10. Qd2 Ne8 11. 0-0-0 Bd7 12. g4 Qe7 13. h4 b6 14. Ng3 Rb8 15. Be2 Na4 16. Nxa4 Bxa4 17. Rdg1 Bd7 18. h5 a4 19. Rg2 f6 20. hxg6 hxg6 21. Rgh2 g5 22. Bd3 b5 23. cxb5 Bxb5 24. Bxb5 Rxb5 25. Nf5 Qd8 26. Qg2 Qd7 27. Qh3 Rb8 28. Qh7+ Kf7 29. Qh5+ Kg8 30. Qg6 1-0

[Event "Sao Bernardo do Campo 1 IRT LRB"]
[Site "Sao Bernardo do Campo"]
[Date "2009.07.04"]
[Round "2"]
[White "Matos, Gustavo Corradi"]
[Black "Diniz, Paulo Nobile"]
[Result "0-1"]
[WhiteElo "1910"]
[BlackElo "1847"]
[PlyCount "82"]
[EventDate "2009.07.04"]
[EventType "tourn"]
[EventRounds "11"]
[EventCountry "BRA"]
[SourceTitle "EXT 2022"]
[Source "ChessBase"]
[SourceDate "2021.10.06"]
[SourceVersion "1"]
[SourceVersionDate "2021.10.06"]
[SourceQuality "1"]

1. d4 Nf6 2. c4 e6 3. Nc3 Bb4 4. e3 0-0 5. Bd3 c5 6. Nf3 d5 7. 0-0 Nc6 8. a3 Bxc3 9. bxc3 Qc7 10. Qc2 Re8 11. e4 dxe4 12. Bxe4 cxd4 13. cxd4 Nxe4 14. Qxe4 h6 15. Bf4 Qe7 16. Rab1 Qxa3 17. Rfd1 Qe7 18. Rb5 f6 19. Rh5 Qf7 20. g4 f5 21. Qd3 fxg4 22. Ng5 Qf5 23. Qg3 hxg5 24. Rxg5 Qf7 25. d5 e5 26. Be3 Nd4 27. Bxd4 exd4 28. Rxd4 Qf6 29. Qf4 Qxf4 30. Rxf4 a5 31. d6 Bd7 32. h4 gxh3 33. Rc5 Bc6 34. Kh2 a4 35. Rg5 Re1 36. Kxh3 Rh1+ 37. Kg3 Rg1+ 38. Kh4 Rxg5 39. Kxg5 Rf8 40. Rd4 Bd7 41. f4 a3 0-1